| 000 | 00746cam a2200265 4500 | ||
|---|---|---|---|
| 008 | 090401t1999 xxu||||| |||| 00| 0 eng d | ||
| 020 | _a0102663998 | ||
| 035 | _a(Sirsi) u93638 | ||
| 041 | _aeng | ||
| 050 | _a651.84 | ||
| 110 |
_aUnited Kingdom _bNational Audit Office _91350 |
||
| 245 | 4 | _aThe millennium threat : 221 days and counting. | |
| 260 |
_aLondon _bStationery Office _c1999 |
||
| 300 | _a51p. : ill. ; 30cm. | ||
| 350 | _a9.25 | ||
| 490 |
_aHCP _v436 |
||
| 650 | _aESSENTIAL SERVICES | ||
| 650 | _aMILLENNIUM BUG | ||
| 650 | _aNATIONAL HEALTH SERVICE | ||
| 650 | _aYEAR 2000 | ||
| 690 | _aMANAGEMENT-BUSINESS MANAGEMENT-INFORMATION MANAGEMENT | ||
| 710 |
_aCabinet Office _91071 |
||
| 942 | _n0 | ||
| 948 | _c28/05/1999 | ||
| 999 |
_c97848 _d97848 |
||